000 00562nam a2200229Ia 4500
005 20260320201320.0
008 008 262003s9999 xx 000 0 eng d
037 _aEBOOK
040 _aCRL
040 _beng
040 _cCRL
041 _2eng
041 _aeng
084 _qCRL
100 _aTolstrup
_91134757
245 0 _aIndoor Radio Planning: A Practical Guide for 2G, 3G and 4G
260 _bIEEE
856 _uhttps://ieeexplore.ieee.org/servlet/opac?bknumber=8039975
942 _cEBOOK
999 _c1720487
_d1720487